• 首页
  • 本馆介绍
  • 公告通知
  • 最新文献
  • 馆藏检索
  • 电子资源
  • 读者导购
  • 参考咨询
  • 我的图书馆
  • 登录
  • 详细信息显示
  • 放入我的书架
  • 预约/预借图书
  • 作者相关作品
  • 分类相关作品
  • 丛书相关作品
  • 出版社相关作品

书目信息

  • 表格格式
  • 工作单格式
  • 卡片格式
题名:
中华人民共和国条约集
    
 
作者: ;中华人民共和国外交部 编
分册: 第二十五集  
出版信息: 北京   世界知识出版社  1983.2
页数: 299页
开本: 21cm
丛书名:
单 册:
中图分类: D826
科图分类:
主题词: 外交--条约--中国
电子资源:
ISBN:
000 00672nam0 2200217 45
001 0210101550
005 20050330171147.7
010    @b精装@dCNY1.95
091    @a3003.1650
100    @a20021010d1983 km y0chiy0120 ea
101 0  @achi
105    @a s 000yy
200 1  @a中华人民共和国条约集@AZhong Hua Ren Min Gong He Guo Tiao Yue Ji@h第二十五集@e1978@f中华人民共和国外交部编@FZhong Hua Ren Min Gong He Guo Wai Jiao Bu Bian
210    @a北京@c世界知识出版社@d1983.2
215    @a299页@d21cm
517    @a1978
606 0  @a外交@x条约@x中国
690    @aD826@v3
711 02 @a中华人民共和国外交部@4编
801    @aCN@bTSTC@c20031023
905    @dD826@e2:25@f1@b175774
    
    中华人民共和国条约集.第二十五集:1978/中华人民共和国外交部编.-北京:世界知识出版社,1983.2
    299页;21cm
    
    
    ISBN (精装):CNY1.95
    
●
相关链接 在E读中查询图书 在五车中查询图书 在当当中查询图书 在豆瓣中查询图书


正题名:中华人民共和国条约集     索取号:D826/2:25         预约/预借

序号 登录号 条形码 馆藏地/架位号 状态 备注
1 0093332   001514793   密集书库/ [索取号:D826/2:25] 在馆    
2 0093333   001025214   第一样本阅览室/ [索取号:D826/2:25] 在馆    
3 0175774   002008062   第一借阅区/ [索取号:D826/2:25] 在馆    
4 0175775   001609076   密集书库/ [索取号:D826/2:25] 在馆    
5 0175776   000197012   密集书库/ [索取号:D826/2:25] 在馆    
唐山师范学院图书馆 欢迎您!
大连网信软件有限公司© 版权所有